000 00761nam a2200217 a 4500
001 000047314
003 DO-SdBNP
005 20260219105724.0
008 110325s1970 dr 000 0 spa d
040 _aDO-SdBNP
_bspa
_cBNPHU
082 _a378.8
_bA798u
111 2 _aAsamblea General UDUAL
_n(6a
_d1970: 17-22 de agosto
_cSanto Domingo)
_974985
245 1 3 _aLa UASD y la VI Asamblea General :
_b17 al 22 de agosto 1970 Santo Domingo R. D.
260 _aSanto Domingo :
_bUASD,
_c1970.
300 _a20 p. ;
_c24 cm.
590 _aInventariado, 2019/VM
610 1 4 _aUniversidad Autónoma de Santo Domingo
_972951
650 0 _aEducación superior
_zRepública Dominicana
_9730
710 1 _aUniversidad Autónoma de Santo Domingo
_972951
942 _2ddc
_cLF2
999 _c46802
_d46802